<?xml version="1.0" encoding="UTF-8"?>
<collection xmlns="http://www.loc.gov/MARC21/slim">
 <record>
  <leader>01632nam a2200205Ia 4500</leader>
  <controlfield tag="001">TDMU_34113</controlfield>
  <controlfield tag="008">210410s9999    xx            000 0 und d</controlfield>
  <datafield tag="082" ind1=" " ind2=" ">
   <subfield code="a">332.09597</subfield>
  </datafield>
  <datafield tag="090" ind1=" " ind2=" ">
   <subfield code="b">L250</subfield>
  </datafield>
  <datafield tag="100" ind1=" " ind2=" ">
   <subfield code="a">Lê, Minh Châu</subfield>
  </datafield>
  <datafield tag="245" ind1=" " ind2="0">
   <subfield code="a">Nghiên cứu ý định khởi nghiệp kinh doanh của sinh viên trường Đại học Thủ Dầu Một</subfield>
  </datafield>
  <datafield tag="245" ind1=" " ind2="0">
   <subfield code="c">Lê Minh Châu; PGS. TS. Nguyễn Minh Hà (h.dẫn)</subfield>
  </datafield>
  <datafield tag="260" ind1=" " ind2=" ">
   <subfield code="a">Bình Dương</subfield>
  </datafield>
  <datafield tag="260" ind1=" " ind2=" ">
   <subfield code="c">2018</subfield>
  </datafield>
  <datafield tag="300" ind1=" " ind2=" ">
   <subfield code="a">83tr</subfield>
  </datafield>
  <datafield tag="520" ind1=" " ind2=" ">
   <subfield code="a">Chuyên ngành: Quản trị kinh doanh; Mã số: 60.34.01.02 ; Ý kiến về việc sao chép tài liệu: đồng ý sao chép 30% ; Ý kiến về việc chuyển dạng tài liệu ( từ giấy sang điện tử): không đồng ý ; Tài liệu tham khảo sau phần kết luận; Luận văn Thạc sĩ Quản trị kinh doanh ĐH Thủ Dầu Một, 2018; Luận văn gồm các chương: Chương 1. Giới thiệu đề tài nghiên cứu; Chương 2 Cơ sở lý thuyết; Chương 3. Phương pháp nghiên cứu; Chương 4 Kết quả nghiên cứu và thảo luận; Chương 5 Kết luận và hàm ý quản trị</subfield>
  </datafield>
  <datafield tag="650" ind1=" " ind2=" ">
   <subfield code="a">Luận văn; Sinh viên khởi nghiệp</subfield>
   <subfield code="x">Ý định</subfield>
   <subfield code="z">ĐH Thủ Dầu Một (Bình Dương); Khởi nghiệp kinh doanh</subfield>
   <subfield code="x">Ý định</subfield>
   <subfield code="x">Nghiên cứu</subfield>
  </datafield>
  <datafield tag="700" ind1=" " ind2=" ">
   <subfield code="a">Nguyễn Minh Hà</subfield>
  </datafield>
  <datafield tag="856" ind1=" " ind2=" ">
   <subfield code="u">http://lrc.tdmu.edu.vn/opac/search/detail.asp?aID=2&amp;ID=34113</subfield>
  </datafield>
  <datafield tag="980" ind1=" " ind2=" ">
   <subfield code="a">Trung tâm Học liệu Trường Đại học Thủ Dầu Một</subfield>
  </datafield>
 </record>
</collection>
